000 00669nam a2200205Ia 4500
003 GCL
008 140319s9999 xx 000 0 ara d
040 _aGCL /
_cGCL
082 0 4 _a891.55
_bا ك
100 1 _aالحسينى , ابوالنصر مبشر الطراز
245 1 0 _aكشف اللثام عن رباعيات الخيام /
_cالحسينى , ابوالنصر مبشر الطراز
260 _a[S.N] :
_bالهيئة المصرية العامة للكتاب ،
_c1985
300 _a261 ص
490 _a
650 0 4 _aالادب
650 0 4 _aالادب الفارسى
650 0 4 _aالشعر
650 0 4 _aتاريخ ونقد
942 _2ddc
_cBK
999 _c29472
_d29472